| 000 | 00667nam a2200241Ia 4500 | ||
|---|---|---|---|
| 003 | OSt | ||
| 005 | 20221006144841.0 | ||
| 006 | a|||||r|||| 00| 0 | ||
| 007 | ta | ||
| 008 | 221006b |||||||| |||| 00| 0 eng d | ||
| 020 |
_c _16.50 |
||
| 024 | _a12,933 | ||
| 037 | _cTextual | ||
| 040 |
_aEASL _cEASL _beng |
||
| 041 |
_2eng _aeng |
||
| 082 | _aV41:19730k416V.N11, L3 | ||
| 100 |
_aHUNT Michael H _9117071 |
||
| 245 | 0 | _aFrontier defense and the open door | |
| 260 |
_aNew Havan _b Yale University Press _c1973 |
||
| 300 |
_a282p. _ccm. |
||
| 942 |
_hV41:19730k416V.N11, L3 _cTEXL _2CC |
||
| 999 |
_c1081019 _d1081019 |
||